000 00251nam a2200109Ia 4500
008 190914s9999||||xx |||||||||||||| ||und||
100 _a Pressman
245 0 _aSoftware Engineering
260 _aNew York
_bAddison
_c1994
300 _a450
942 _cBK
999 _c8944
_d8944